[Event "IECG CP.2000.Q.00013"]
[Site "IECG email"]
[Date "2001.10.01"]
[Round "?"]
[White "Hatvany, Paul"]
[Black "Mego, Peter"]
[Result "1/2-1/2"]
[WhiteElo "1391"]
[BlackElo "1950"]
[PlyCount "76"]
[EventDate "2001.10.01"]
[EventType "tourn (corr)"]
[EventRounds "6"]
[SourceTitle "Corr 2008"]
[Source "ChessBase"]
[SourceDate "2008.06.24"]
[SourceVersion "1"]
[SourceVersionDate "2008.06.24"]
[SourceQuality "1"]

1. e4 e6 2. d4 d5 3. Nc3 Bb4 4. e5 c5 5. a3 Bxc3+ 6. bxc3 Qc7 7. Qg4 f5 8. Qg3 cxd4 9. cxd4 Ne7 10. Bd2 0-0 11. Bd3 b6 12. Ne2 Ba6 13. 0-0 Bxd3 14. cxd3 Nbc6 15. Rac1 Qd7 16. Rc3 Rac8 17. Rfc1 Nb8 18. h4 Rxc3 19. Rxc3 Rc8 20. Rxc8+ Qxc8 21. h5 Qe8 22. Nf4 Nec6 23. h6 g6 24. Qg5 Nd7 25. Qh4 b5 26. Bc3 a5 27. Qg5 b4 28. axb4 axb4 29. Bb2 Nd8 30. Ne2 Nb8 31. Nf4 Qf8 32. Nh5 Nd7 33. Bc1 Nf7 34. Nf6+ Nxf6 35. Qxf6 Nd8 36. Qg5 Nc6 37. Bb2 Qd8 38. Qf4 Kf7 1/2-1/2

[Event "IECG WC.2003.S.00003 email"]
[Site "IECG email"]
[Date "2001.04.01"]
[Round "?"]
[White "Hatvany, Paul"]
[Black "Bourquin, Pascal"]
[Result "1-0"]
[WhiteElo "1320"]
[BlackElo "2350"]
[PlyCount "83"]
[EventDate "2001.04.01"]
[EventType "tourn (corr)"]
[EventRounds "8"]
[SourceTitle "Corr 2008"]
[Source "ChessBase"]
[SourceDate "2008.06.24"]
[SourceVersion "1"]
[SourceVersionDate "2008.06.24"]
[SourceQuality "1"]

1. e4 c5 2. Nf3 d6 3. d4 cxd4 4. Nxd4 Nf6 5. Nc3 Nc6 6. Bc4 e6 7. Be3 a6 8. Bb3 Qc7 9. 0-0 Na5 10. f4 b5 11. f5 e5 12. Nde2 Bb7 13. Nd5 Nxd5 14. Bxd5 Nc4 15. Bc1 Qc5+ 16. Kh1 Bxd5 17. exd5 Be7 18. Nc3 Nb6 19. Qf3 Nd7 20. Bd2 0-0 21. g4 f6 22. Rf2 Rfc8 23. a3 Qb6 24. Rg1 b4 25. axb4 Qxb4 26. g5 fxg5 27. Ne4 Qxb2 28. f6 Nxf6 29. Nxg5 Qxc2 30. Qh3 Qg6 31. Qe6+ Kf8 32. Qd7 Kg8 33. Qxe7 Re8 34. Qb7 Reb8 35. Qc6 Rc8 36. Qa4 Rab8 37. Qxa6 Ne4 38. Rfg2 Nxg5 39. Bxg5 Ra8 40. Qb5 Qf7 41. Bh6 g6 42. Rf1 1-0

[Event "IECG R3.2001.0.00002"]
[Site "IECG email"]
[Date "2001.02.11"]
[Round "?"]
[White "Soule, Larry P"]
[Black "Hatvany, Paul"]
[Result "0-1"]
[WhiteElo "1000"]
[BlackElo "1288"]
[PlyCount "68"]
[EventDate "2001.02.11"]
[EventType "tourn (corr)"]
[EventRounds "6"]
[SourceTitle "Corr 2008"]
[Source "ChessBase"]
[SourceDate "2008.06.24"]
[SourceVersion "1"]
[SourceVersionDate "2008.06.24"]
[SourceQuality "1"]

1. e4 c5 2. Nf3 e6 3. d4 cxd4 4. Nxd4 Nc6 5. Nc3 a6 6. Be2 Qc7 7. 0-0 Nf6 8. Be3 Bb4 9. a3 Bxc3 10. bxc3 Nxe4 11. Qd3 f5 12. Nb3 Ne5 13. Qd4 Nxc3 14. Bh5+ g6 15. Bd1 Nf7 16. Bh6 e5 17. Qe3 f4 18. Bxf4 Nd5 19. Qc5 Qxc5 20. Nxc5 Nxf4 21. Ne4 Ke7 22. c4 b5 23. cxb5 Bb7 24. Bf3 axb5 25. Rfb1 Ra5 26. a4 Rha8 27. g3 Nd5 28. Nd2 R8a7 29. Nb3 Rxa4 30. Rxa4 bxa4 31. Nc5 Bc6 32. Nd3 Nc3 33. Rc1 a3 34. Bxc6 Ne2+ 0-1

[Event "IECC P email"]
[Site "IECC email"]
[Date "2000.10.23"]
[Round "?"]
[White "Kazimierski, Tomasz"]
[Black "Hatvany, Paul"]
[Result "0-1"]
[WhiteElo "1666"]
[BlackElo "1968"]
[PlyCount "104"]
[EventDate "2000.??.??"]
[EventType "tourn (corr)"]
[EventRounds "6"]
[SourceTitle "Corr 2008"]
[Source "ChessBase"]
[SourceDate "2008.06.24"]
[SourceVersion "1"]
[SourceVersionDate "2008.06.24"]
[SourceQuality "1"]

1. d4 Nf6 2. c4 e6 3. Nf3 b6 4. a3 Bb7 5. Nc3 d5 6. Qc2 dxc4 7. e4 c5 8. dxc5 Bxc5 9. Bxc4 Nbd7 10. Bg5 a6 11. Rc1 h6 12. Bh4 b5 13. Be2 Rc8 14. 0-0 Bd6 15. Qd2 Bb8 16. Qe3 Ng4 17. Qd4 Ndf6 18. h3 g5 19. Bg3 Qxd4 20. Nxd4 Ne5 21. b4 Ke7 22. Nb3 Nxe4 23. Nxe4 Bxe4 24. Nc5 f5 25. a4 bxa4 26. Bxa6 Rcd8 27. Rfe1 Rd4 28. Bxe5 Bxe5 29. f3 Bg3 30. fxe4 Bxe1 31. Rxe1 fxe4 32. Nxa4 Rb8 33. g3 Rbxb4 34. Nc3 Kf6 35. Kf2 h5 36. Rc1 h4 37. gxh4 gxh4 38. Rb1 Rxb1 39. Nxb1 Kf5 40. Nc3 Rb4 41. Ke3 Rb3 42. Kd4 Kf4 43. Bc8 e5+ 44. Kc4 Rb8 45. Bg4 Rg8 46. Nd5+ Kg3 47. Nf6 Rxg4 48. hxg4 h3 49. g5 h2 50. g6 h1Q 51. g7 Qf1+ 52. Kb4 Qb1+ 0-1

[Event "IECC CL2-2000.28"]
[Site "IECC email"]
[Date "2000.07.28"]
[Round "?"]
[White "Heinrich, Jan"]
[Black "Hatvany, Paul"]
[Result "0-1"]
[WhiteElo "1983"]
[BlackElo "1925"]
[PlyCount "48"]
[EventDate "2000.??.??"]
[EventType "tourn (corr)"]
[EventRounds "4"]
[SourceTitle "Corr 2008"]
[Source "ChessBase"]
[SourceDate "2008.06.24"]
[SourceVersion "1"]
[SourceVersionDate "2008.06.24"]
[SourceQuality "1"]

1. d4 Nf6 2. Nf3 g6 3. g3 Bg7 4. c4 0-0 5. Bg2 d6 6. 0-0 Nc6 7. Nc3 a6 8. d5 Na5 9. Nd2 c5 10. Qc2 Rb8 11. b3 b5 12. Bb2 Bh6 13. f4 bxc4 14. bxc4 e5 15. dxe6 Bxe6 16. Nd5 Bxd5 17. cxd5 Ng4 18. Qc3 Rxb2 19. Qxb2 Bg7 20. Qa3 Bxa1 21. Rxa1 Qf6 22. Nb3 Nxb3 23. axb3 Qd4+ 24. Kh1 Nf2+ 0-1

[Event "IECC CL2-2000.12"]
[Site "IECC email"]
[Date "2000.02.17"]
[Round "?"]
[White "Hatvany, Paul"]
[Black "Maloberti, David"]
[Result "1-0"]
[WhiteElo "1903"]
[BlackElo "2100"]
[PlyCount "51"]
[EventDate "2000.??.??"]
[EventType "tourn (corr)"]
[EventRounds "4"]
[SourceTitle "Corr 2008"]
[Source "ChessBase"]
[SourceDate "2008.06.24"]
[SourceVersion "1"]
[SourceVersionDate "2008.06.24"]
[SourceQuality "1"]

1. e4 Nf6 2. Nc3 d5 3. e5 Ng8 4. d4 Bf5 5. Nf3 e6 6. Be2 c5 7. 0-0 Nc6 8. Be3 cxd4 9. Nxd4 Nge7 10. Ncb5 Nxe5 11. Bf4 Qb8 12. Re1 a6 13. Nxf5 Nxf5 14. Bh5 axb5 15. Rxe5 Qd8 16. Rxe6+ Be7 17. Re5 g6 18. Bg4 Ra4 19. g3 Rd4 20. Qe2 f6 21. Bxf5 Rxf4 22. Qxb5+ Kf7 23. Be6+ Kg7 24. Rxd5 Rb4 25. Qe2 Qb6 26. Rd7 1-0

[Event "IECC CL3-2000.10"]
[Site "IECC email"]
[Date "2000.01.09"]
[Round "?"]
[White "Hatvany, Paul"]
[Black "Wenger, Joseph"]
[Result "1/2-1/2"]
[WhiteElo "1861"]
[BlackElo "1844"]
[PlyCount "112"]
[EventDate "2000.??.??"]
[EventType "tourn (corr)"]
[EventRounds "4"]
[SourceTitle "Corr 2008"]
[Source "ChessBase"]
[SourceDate "2008.06.24"]
[SourceVersion "1"]
[SourceVersionDate "2008.06.24"]
[SourceQuality "1"]

1. e4 e6 2. d4 d5 3. Nd2 Nf6 4. e5 Nfd7 5. Bd3 c5 6. c3 Nc6 7. Ne2 cxd4 8. cxd4 Qb6 9. Nf3 f6 10. exf6 Nxf6 11. 0-0 Bd6 12. Bd2 Bd7 13. a4 0-0 14. Bc3 Qc7 15. Rc1 a6 16. h3 Rfb8 17. Re1 b5 18. b3 bxa4 19. bxa4 a5 20. Bd2 Rb2 21. Ne5 Qb7 22. Nxd7 Nxd7 23. Bb5 Na7 24. Bc3 Ra2 25. Bd3 Nc6 26. Rb1 Qc7 27. Bc2 Rb8 28. Rxb8+ Qxb8 29. Nc1 Ra3 30. Bb3 Nf6 31. Rxe6 Kf7 32. Rxf6+ gxf6 33. Bxd5+ Kf8 34. Qf3 Rxc3 35. Qxc3 Nb4 36. Be4 Qe8 37. Qf3 Ke7 38. Qg4 Qxa4 39. Qg7+ Ke8 40. Qg8+ Kd7 41. Nb3 Nc6 42. Qd5 Kc7 43. g3 f5 44. Bg2 f4 45. g4 h6 46. h4 Be7 47. h5 Nd8 48. Be4 Qa3 49. Nxa5 Qd6 50. Nc4 Qxd5 51. Bxd5 Bf6 52. Kg2 Bxd4 53. Kf3 Kd7 54. Nd2 Kd6 55. Ke4 Bxf2 56. g5 Bh4 1/2-1/2

[Event "IECG WC.2003.P.00004 email"]
[Site "IECG email"]
[Date "2000.??.??"]
[Round "?"]
[White "Planchat, Christophe"]
[Black "Hatvany, Paul"]
[Result "1/2-1/2"]
[WhiteElo "1720"]
[BlackElo "800"]
[PlyCount "88"]
[EventDate "2000.01.26"]
[EventType "tourn (corr)"]
[EventRounds "10"]
[SourceTitle "Corr 2008"]
[Source "ChessBase"]
[SourceDate "2008.06.24"]
[SourceVersion "1"]
[SourceVersionDate "2008.06.24"]
[SourceQuality "1"]

1. e4 c5 2. Nf3 e6 3. c3 d5 4. e5 Nc6 5. d4 Qb6 6. Bd3 cxd4 7. cxd4 Bd7 8. 0-0 Nxd4 9. Nxd4 Qxd4 10. Nc3 a6 11. Qe2 Ne7 12. Kh1 Qh4 13. f4 Nc6 14. a3 Bc5 15. Bd2 Rc8 16. Rac1 Be7 17. Na4 Nd4 18. Rxc8+ Bxc8 19. Qe3 Nb3 20. Be1 Qg4 21. Be2 d4 22. Qf2 Qg6 23. Bc4 Nc5 24. Qxd4 Nxa4 25. Bd3 Qh5 26. Qxa4+ b5 27. Qc2 0-0 28. Be4 f5 29. exf6 Bxf6 30. Rf3 h6 31. Bc3 Qf7 32. Bg6 Qc7 33. Bxf6 Qxc2 34. Bxc2 gxf6 35. Rc3 e5 36. fxe5 fxe5 37. Kg1 Bb7 38. Bb3+ Kh8 39. Rc5 e4 40. Rc7 e3 41. Re7 Rf2 42. Rxb7 Rxb2 43. Rb8+ Kg7 44. Rb7+ Kh8 1/2-1/2

[Event "IECC P email"]
[Site "IECC email"]
[Date "1999.11.13"]
[Round "?"]
[White "Baker, David A"]
[Black "Hatvany, Paul"]
[Result "0-1"]
[WhiteElo "1108"]
[BlackElo "1809"]
[PlyCount "59"]
[EventDate "1999.??.??"]
[EventType "tourn (corr)"]
[EventRounds "6"]
[SourceTitle "Corr 2008"]
[Source "ChessBase"]
[SourceDate "2008.06.24"]
[SourceVersion "1"]
[SourceVersionDate "2008.06.24"]
[SourceQuality "1"]

1. e4 c5 2. Nf3 d6 3. d4 cxd4 4. Nxd4 Nf6 5. Nc3 Nc6 6. Bc4 Qb6 7. Be3 Qxb2 8. Ndb5 Qb4 9. Qe2 Qa5 10. 0-0 a6 11. Nd5 Nxd5 12. exd5 axb5 13. Bxb5 Bd7 14. dxc6 bxc6 15. Bd3 e5 16. Qd2 d5 17. Qxa5 Rxa5 18. Rfb1 Bd6 19. Bd2 Ra4 20. a3 e4 21. Be2 Ke7 22. h3 Rha8 23. Rb7 f5 24. Bc1 Bxa3 25. Bg5+ Ke6 26. g4 g6 27. Rb6 Bc5 28. Rxa4 Rxa4 29. Bb5 Ra1+ 30. Kg2 0-1

[Event "IECC CL4-2000.02"]
[Site "IECC email"]
[Date "1999.11.03"]
[Round "?"]
[White "Perez, Maria Jose"]
[Black "Hatvany, Paul"]
[Result "0-1"]
[WhiteElo "1760"]
[BlackElo "1837"]
[PlyCount "66"]
[EventDate "2000.??.??"]
[EventType "tourn (corr)"]
[EventRounds "4"]
[SourceTitle "Corr 2008"]
[Source "ChessBase"]
[SourceDate "2008.06.24"]
[SourceVersion "1"]
[SourceVersionDate "2008.06.24"]
[SourceQuality "1"]

1. e4 c5 2. Nf3 e6 3. d4 cxd4 4. Nxd4 Nc6 5. Nc3 Qc7 6. Be2 Nf6 7. Be3 a6 8. 0-0 Bb4 9. Na4 Bd6 10. Nb6 Rb8 11. g3 Be7 12. Nxc6 dxc6 13. Nc4 Nd7 14. Qd4 e5 15. Qa7 0-0 16. Rfd1 Re8 17. Nb6 Nf6 18. f3 Be6 19. Bxa6 Red8 20. Rxd8+ Qxd8 21. Bc4 Bh3 22. Bb3 Bd6 23. Rd1 Ne8 24. Nc4 Qf6 25. f4 Bc7 26. f5 Rd8 27. c3 Rxd1+ 28. Bxd1 Qd8 29. Bc2 b5 30. Nd2 Nf6 31. Kh1 h6 32. a4 bxa4 33. Bxa4 Qd3 0-1

[Event "IECC CL4-2000.02"]
[Site "IECC email"]
[Date "1999.11.03"]
[Round "?"]
[White "Perz, Martial"]
[Black "Hatvany, Paul"]
[Result "1/2-1/2"]
[WhiteElo "1889"]
[BlackElo "1838"]
[PlyCount "74"]
[EventDate "2000.??.??"]
[EventType "tourn (corr)"]
[EventRounds "4"]
[SourceTitle "Corr 2008"]
[Source "ChessBase"]
[SourceDate "2008.06.24"]
[SourceVersion "1"]
[SourceVersionDate "2008.06.24"]
[SourceQuality "1"]

1. e4 c5 2. Nf3 e6 3. d4 cxd4 4. Nxd4 Nc6 5. Nb5 d6 6. c4 Nf6 7. N1c3 a6 8. Na3 Be7 9. Be2 0-0 10. 0-0 b6 11. Be3 Ne5 12. f4 Ned7 13. Qd3 Nc5 14. Bxc5 bxc5 15. b3 Bb7 16. Bf3 Rb8 17. Rad1 Qc7 18. Nc2 Rfd8 19. f5 e5 20. Ne3 Rd7 21. Ned5 Qd8 22. Nxf6+ Bxf6 23. Qe2 Bg5 24. Rd3 Bc6 25. Bg4 Qf6 26. Rfd1 Bf4 27. Nd5 Bxd5 28. Rxd5 Qh6 29. Bh3 Rdd8 30. Kh1 a5 31. R1d3 Bg5 32. Qd1 Be7 33. a4 Qf4 34. Qe1 Rb7 35. g3 Qh6 36. Bg4 Rdb8 37. Qd1 Rb6 1/2-1/2

[Event "IECC P email"]
[Site "IECC email"]
[Date "1999.09.06"]
[Round "?"]
[White "Hatvany, Paul"]
[Black "Magalhaes, Joao Flavio"]
[Result "1-0"]
[WhiteElo "1689"]
[BlackElo "1516"]
[PlyCount "69"]
[EventDate "1999.??.??"]
[EventType "tourn (corr)"]
[EventRounds "6"]
[SourceTitle "Corr 2008"]
[Source "ChessBase"]
[SourceDate "2008.06.24"]
[SourceVersion "1"]
[SourceVersionDate "2008.06.24"]
[SourceQuality "1"]

1. e4 e5 2. Nf3 Nc6 3. Bc4 Bc5 4. 0-0 Nf6 5. Re1 0-0 6. Nc3 Ng4 7. Rf1 d6 8. a3 Be6 9. Bd5 Bxd5 10. exd5 Nxf2 11. Rxf2 Bxf2+ 12. Kxf2 Nd4 13. d3 Nxf3 14. Qxf3 Qh4+ 15. Kg1 Qe1+ 16. Qf1 Qxf1+ 17. Kxf1 c6 18. Be3 f5 19. Ke2 h6 20. Rf1 g5 21. b4 Kg7 22. dxc6 bxc6 23. b5 f4 24. Bf2 Rfc8 25. Kd2 Kf7 26. Re1 Rc7 27. a4 a6 28. b6 Re7 29. a5 d5 30. Bc5 Ree8 31. Bd6 Rad8 32. Bc7 Rd7 33. Na4 e4 34. Nc5 e3+ 35. Ke2 1-0

[Event "IECC CL5-1999.22"]
[Site "IECC email"]
[Date "1999.08.28"]
[Round "?"]
[White "Hatvany, Paul"]
[Black "Ocampo, Lorenzo D Jr"]
[Result "1-0"]
[WhiteElo "1650"]
[BlackElo "1395"]
[PlyCount "57"]
[EventDate "1999.??.??"]
[EventType "tourn (corr)"]
[EventRounds "4"]
[SourceTitle "Corr 2008"]
[Source "ChessBase"]
[SourceDate "2008.06.24"]
[SourceVersion "1"]
[SourceVersionDate "2008.06.24"]
[SourceQuality "1"]

1. e4 e6 2. d4 d5 3. Nc3 Nf6 4. e5 Nfd7 5. f4 c5 6. Nf3 cxd4 7. Nxd4 Bb4 8. Be2 0-0 9. 0-0 a6 10. Be3 Qc7 11. Qe1 f6 12. Nxe6 Qc6 13. Nxd5 Bxe1 14. Ne7+ Kh8 15. Nxc6 Nxc6 16. Nxf8 Nxf8 17. Raxe1 fxe5 18. fxe5 Be6 19. Bc5 Ng6 20. Bd6 Rc8 21. Bd3 Nd4 22. Rd1 Nxc2 23. Rc1 Ne3 24. Rxc8+ Bxc8 25. Rf3 Nd5 26. Bxg6 hxg6 27. Rf8+ Kh7 28. Rxc8 Nf4 29. Re8 1-0

[Event "IECC Quad email"]
[Site "IECC email"]
[Date "1999.08.05"]
[Round "?"]
[White "Hatvany, Paul"]
[Black "Bass, Stanley"]
[Result "1-0"]
[WhiteElo "1557"]
[BlackElo "1715"]
[PlyCount "53"]
[EventDate "1999.??.??"]
[EventType "tourn (corr)"]
[EventRounds "6"]
[SourceTitle "Corr 2008"]
[Source "ChessBase"]
[SourceDate "2008.06.24"]
[SourceVersion "1"]
[SourceVersionDate "2008.06.24"]
[SourceQuality "1"]

1. e4 c5 2. Nf3 Nc6 3. d4 cxd4 4. Nxd4 e5 5. Nb5 a6 6. Nd6+ Bxd6 7. Qxd6 Qf6 8. Qa3 Nd4 9. Bd3 Ne7 10. 0-0 d5 11. exd5 Nxd5 12. Nc3 Nxc3 13. bxc3 Nc6 14. f4 Qe7 15. fxe5 Qxa3 16. Bxa3 Nxe5 17. Rae1 f6 18. Bd6 Kd7 19. Bxe5 fxe5 20. Rf7+ Kd6 21. Rd1 g5 22. Be4+ Kc5 23. Rd5+ Kb6 24. Rxe5 h6 25. c4 Ka7 26. c5 Rd8 27. c6 1-0

[Event "IECC KO email"]
[Site "IECC email"]
[Date "1999.08.05"]
[Round "?"]
[White "Hatvany, Paul"]
[Black "Hakuc, Waclaw"]
[Result "1-0"]
[WhiteElo "1697"]
[BlackElo "1828"]
[PlyCount "141"]
[EventDate "1999.??.??"]
[EventType "tourn (corr)"]
[EventRounds "6"]
[SourceTitle "Corr 2008"]
[Source "ChessBase"]
[SourceDate "2008.06.24"]
[SourceVersion "1"]
[SourceVersionDate "2008.06.24"]
[SourceQuality "1"]

1. e4 e5 2. Nf3 Nf6 3. Bc4 Nxe4 4. Nc3 Nxc3 5. dxc3 f6 6. Nh4 g6 7. Bb3 c6 8. c4 Bc5 9. c3 d6 10. Bc2 Be6 11. Qe2 Qc7 12. Nf3 Qf7 13. Nd2 Nd7 14. 0-0 0-0 15. b4 Bb6 16. a4 d5 17. cxd5 cxd5 18. Re1 Bc7 19. Bb2 Rfd8 20. a5 Rac8 21. a6 b6 22. h3 Bd6 23. Nf3 Nb8 24. Bb3 Nc6 25. Ba2 Ne7 26. Rad1 Nf5 27. Ba1 Ng7 28. Nh2 Bf8 29. Ng4 Nh5 30. g3 Kh8 31. Kh2 Ng7 32. Nh6 Qc7 33. Ng4 Ne8 34. Rd2 Bg7 35. Ne3 Qf7 36. Red1 Nc7 37. Nxd5 Rxd5 38. Bxd5 Nxd5 39. Qf3 Nc7 40. Rd8+ Rxd8 41. Rxd8+ Bf8 42. Qb7 Kg7 43. Qxa7 b5 44. Qb6 Qe7 45. Rb8 Qd7 46. Rb7 Bd6 47. a7 Bf7 48. Qxc7 Bxc7 49. a8Q Bd5 50. Rxc7 Qxc7 51. Qxd5 Qa7 52. Bb2 Qxf2+ 53. Qg2 Qe1 54. Qc2 f5 55. Bc1 h6 56. Qd2 Qxd2+ 57. Bxd2 Kf6 58. Bxh6 Ke6 59. Kg2 Kd5 60. Bg7 Ke6 61. g4 Kf7 62. Bxe5 Ke6 63. gxf5+ Kxf5 64. Bh8 Ke4 65. Kg3 Kf5 66. h4 g5 67. h5 g4 68. c4 bxc4 69. b5 Ke6 70. h6 Kf5 71. Bc3 1-0

[Event "IECC Trio 757 email"]
[Site "IECC email"]
[Date "1999.06.15"]
[Round "?"]
[White "Hatvany, Paul"]
[Black "Jewell, Barry"]
[Result "1-0"]
[WhiteElo "1500"]
[BlackElo "1494"]
[PlyCount "41"]
[EventDate "1999.??.??"]
[EventType "tourn (corr)"]
[EventRounds "4"]
[SourceTitle "Corr 2008"]
[Source "ChessBase"]
[SourceDate "2008.06.24"]
[SourceVersion "1"]
[SourceVersionDate "2008.06.24"]
[SourceQuality "1"]

1. e4 c5 2. Nf3 d6 3. d4 cxd4 4. Nxd4 Nf6 5. Nc3 g6 6. Be3 Bg7 7. Bc4 Nc6 8. h3 0-0 9. 0-0 Qa5 10. Bb3 Bd7 11. f4 Rac8 12. Qf3 a6 13. Rad1 b5 14. a3 Qd8 15. e5 Nxd4 16. Bxd4 Bc6 17. Qf2 Ne8 18. f5 Bh8 19. fxg6 hxg6 20. Bxf7+ Rxf7 21. Qxf7# 1-0

[Event "IECC Trio 757 email"]
[Site "IECC email"]
[Date "1999.06.15"]
[Round "?"]
[White "Jewell, Barry"]
[Black "Hatvany, Paul"]
[Result "0-1"]
[WhiteElo "1480"]
[BlackElo "1543"]
[PlyCount "64"]
[EventDate "1999.??.??"]
[EventType "tourn (corr)"]
[EventRounds "4"]
[SourceTitle "Corr 2008"]
[Source "ChessBase"]
[SourceDate "2008.06.24"]
[SourceVersion "1"]
[SourceVersionDate "2008.06.24"]
[SourceQuality "1"]

1. e4 c5 2. Nf3 Nc6 3. d4 cxd4 4. Nxd4 Nf6 5. Nc3 e6 6. Bg5 Be7 7. Qd2 Nxe4 8. Nxe4 Bxg5 9. Nxg5 Nxd4 10. Qxd4 Qxg5 11. Bd3 Qxg2 12. 0-0-0 Qg5+ 13. Kb1 d5 14. Rhg1 Qf6 15. Bb5+ Bd7 16. Rxg7 Qxd4 17. Bxd7+ Kf8 18. Rxf7+ Kxf7 19. Rxd4 Rhg8 20. a3 Rg1+ 21. Ka2 Ke7 22. Bb5 Rf8 23. Bd3 Rxf2 24. Rh4 e5 25. Rxh7+ Kd6 26. Rh6+ Kc5 27. b4+ Kd4 28. Kb3 e4 29. Rh4 Rh1 30. Bb5 Rb1+ 31. Ka2 Rc1 32. Ba4 Rff1 0-1